| 000 | 00358nam a2200133Ia 4500 | ||
|---|---|---|---|
| 008 | 220217s9999||||xx |||||||||||||| ||und|| | ||
| 020 | _a90-77256-01-6 | ||
| 082 | _a410 WIL | ||
| 100 |
_aWilson learning library _95672 |
||
| 245 | 0 | _aWin win selling | |
| 260 |
_aPearson education of asia _bNew Delhi _c2003 |
||
| 300 | _b150 | ||
| 650 | _aGENERAL BOOKS | ||
| 999 |
_c176747 _d176747 |
||